000 00252nam a2200109Ia 4500
008 190216s9999||||xx |||||||||||||| ||und||
100 _aBooth Mooney
245 0 _aLindende Johnson Katha
260 _bCurrent Books
650 _aAthmakadha
942 _cBK
999 _c24454
_d24454